[Event "Russian Women's Higher League 2021"]
[Site "?"]
[Date "2021.07.03"]
[Round "7.11"]
[White "Chernyak, Viktoria"]
[Black "Borisova, Ekaterina"]
[Result "1-0"]
[WhiteElo "2315"]
[BlackElo "2304"]
[Annotator ""]
[Source ""]
[Remark ""]

1.c4 {[%clk 1:30:59]} Nf6 {[%clk 1:30:51]} 2.Nc3 {[%clk 1:31:20]}
g6 {[%clk 1:31:09]} 3.g3 {[%clk 1:31:37]} d5 {[%clk 1:31:25]}
4.cxd5 {[%clk 1:31:52]} Nxd5 {[%clk 1:31:48]} 5.Bg2 {[%clk 1:32:18]}
Nb6 {[%clk 1:32:08]} 6.h4 {[%clk 1:32:12]} Bg7 {[%clk 1:30:57]}
7.h5 {[%clk 1:32:16]} Nc6 {[%clk 1:31:10]} 8.d3 {[%clk 1:29:15]}
Bg4 {[%clk 1:29:07]} 9.h6 {[%clk 1:24:42]} Bf6 {[%clk 1:26:32]}
10.Ne4 {[%clk 1:24:17]} Bd4 {[%clk 1:22:47]} 11.Nf3 {[%clk 1:18:23]}
O-O {[%clk 1:14:23]} 12.Nxd4 {[%clk 1:15:51]} Nxd4 {[%clk 1:14:39]}
13.Nc3 {[%clk 1:08:57]} c6 {[%clk 1:14:06]} 14.f3 {[%clk 1:05:36]}
Bd7 {[%clk 1:07:12]} 15.Be3 {[%clk 0:59:47]} e5 {[%clk 1:06:17]}
16.Qd2 {[%clk 0:58:42]} Be6 {[%clk 1:05:07]} 17.Bf2 {[%clk 0:53:05]}
c5 {[%clk 0:55:21]} 18.O-O {[%clk 0:39:04]} Qe7 {[%clk 0:51:53]}
19.Rac1 {[%clk 0:38:09]} Rfd8 {[%clk 0:52:02]} 20.Qe3 {[%clk 0:37:08]}
f6 {[%clk 0:41:21]} 21.f4 {[%clk 0:32:16]} Bg4 {[%clk 0:34:55]}
22.fxe5 {[%clk 0:29:20]} Qxe5 {[%clk 0:29:28]} 23.Qxe5 {[%clk 0:27:40]}
fxe5 {[%clk 0:29:52]} 24.Bxb7 {[%clk 0:28:06]} Rab8 {[%clk 0:29:33]}
25.Bg2 {[%clk 0:26:40]} Bxe2 {[%clk 0:25:57]} 26.Rfe1 {[%clk 0:26:48]}
Bxd3 {[%clk 0:21:51]} 27.Rxe5 {[%clk 0:26:38]} Nd7 {[%clk 0:21:26]}
28.Re3 {[%clk 0:24:28]} Ba6 {[%clk 0:19:31]} 29.b3 {[%clk 0:23:24]}
Nf5 {[%clk 0:16:43]} 30.Bd5+ {[%clk 0:21:18]} Kh8 {[%clk 0:11:52]}
31.Re6 {[%clk 0:20:03]} Bb7 {[%clk 0:12:17]} 32.Bxb7 {[%clk 0:15:59]}
Rxb7 {[%clk 0:12:43]} 33.Rd1 {[%clk 0:16:13]} Rbb8 {[%clk 0:12:26]}
34.g4 {[%clk 0:13:05]} Nxh6 {[%clk 0:11:56]} 35.Red6 {[%clk 0:13:22]}
Rb7 {[%clk 0:12:24]} 36.Bh4 {[%clk 0:13:23]} Rf8 {[%clk 0:11:13]}
37.Rxd7 {[%clk 0:13:47]} Rb4 {[%clk 0:11:39]} 38.Bg3 {[%clk 0:10:48]}
Rxg4 {[%clk 0:11:47]} 39.Ne2 {[%clk 0:10:38]} Nf5 {[%clk 0:08:16]}
40.Kh2 {[%clk 0:38:04]} h5 {[%clk 0:37:59]} 41.Rxa7 {[%clk 0:32:23]}
g5 {[%clk 0:37:54]} 42.Rdd7 {[%clk 0:27:41]} Re4 {[%clk 0:32:01]}
43.Ng1 {[%clk 0:22:06]} Kg8 {[%clk 0:23:33]} 44.Nf3 {[%clk 0:15:30]}
Re2+ {[%clk 0:10:53]} 45.Kg1 {[%clk 0:15:52]} Rfe8 {[%clk 0:07:26]}
46.Bf2 {[%clk 0:15:09]} R2e4 {[%clk 0:06:04]} 47.Kf1 {[%clk 0:10:05]}
Rf4 {[%clk 0:05:41]} 48.Nxg5 {[%clk 0:09:57]} Ne3+ {[%clk 0:06:04]}
49.Kg1 {[%clk 0:10:15]} Rg4+ {[%clk 0:06:29]} 50.Kh1 {[%clk 0:10:40]}
Rxg5 {[%clk 0:05:41]} 51.Bxe3 {[%clk 0:11:06]} Rg4 {[%clk 0:05:51]}
52.Bf2 {[%clk 0:08:13]} Rf8 {[%clk 0:06:03]} 53.Rd2 {[%clk 0:08:15]}
c4 {[%clk 0:05:45]} 54.Rc7 {[%clk 0:06:58]} cxb3 {[%clk 0:06:08]}
55.axb3 {[%clk 0:07:26]} Rgf4 {[%clk 0:06:20]} 56.Kg2 {[%clk 0:07:14]}
h4 {[%clk 0:06:33]} 57.Rc3 {[%clk 0:06:49]} R8f5 {[%clk 0:06:28]}
58.Bc5 {[%clk 0:05:13]} Rg5+ {[%clk 0:06:02]} 59.Kh2 {[%clk 0:05:24]}
Rff5 {[%clk 0:05:44]} 60.b4 {[%clk 0:05:50]} Kh7 {[%clk 0:06:00]}
61.Rc4 {[%clk 0:05:46]} Rh5 {[%clk 0:06:08]} 62.Rg4 {[%clk 0:05:48]}
Rf7 {[%clk 0:06:31]} 63.Re2 {[%clk 0:05:52]} h3 {[%clk 0:06:54]}
64.Rg3 {[%clk 0:05:59]} Rb7 {[%clk 0:07:12]} 65.Rxh3 {[%clk 0:06:12]}
Rxh3+ {[%clk 0:07:38]} 66.Kxh3 {[%clk 0:06:40]} Kg6 {[%clk 0:08:04]}
67.Rf2 {[%clk 0:06:28]} 1-0

[Event "Russian Women's Higher League 2021"]
[Site "?"]
[Date "2021.07.03"]
[Round "7.12"]
[White "Gritsayeva, Oksana"]
[Black "Grigorieva, Yulia"]
[Result "0-1"]
[WhiteElo "2332"]
[BlackElo "2143"]
[Annotator ""]
[Source ""]
[Remark ""]

1.e4 {[%clk 1:30:59]} e5 {[%clk 1:30:55]} 2.Nc3 {[%clk 1:29:52]}
Nf6 {[%clk 1:31:17]} 3.f4 {[%clk 1:30:05]} d5 {[%clk 1:31:29]}
4.fxe5 {[%clk 1:30:29]} Nxe4 {[%clk 1:31:54]} 5.Qf3 {[%clk 1:30:55]}
Nc6 {[%clk 1:31:35]} 6.Bb5 {[%clk 1:23:36]} Nxc3 {[%clk 1:30:58]}
7.Qxc3 {[%clk 1:00:27]} Qh4+ {[%clk 1:19:26]} 8.Kf1 {[%clk 0:59:32]}
Bd7 {[%clk 1:06:12]} 9.Nf3 {[%clk 0:59:49]} Qg4 {[%clk 1:03:49]}
10.h3 {[%clk 0:52:57]} Qg3 {[%clk 0:59:20]} 11.d4 {[%clk 0:48:12]}
Nxe5 {[%clk 0:44:41]} 12.Qb3 {[%clk 0:25:58]} c6 {[%clk 0:34:46]}
13.dxe5 {[%clk 0:24:55]} cxb5 {[%clk 0:34:11]} 14.Be3 {[%clk 0:25:04]}
Be7 {[%clk 0:31:59]} 15.Bf2 {[%clk 0:23:08]} Qf4 {[%clk 0:31:21]}
16.Qxd5 {[%clk 0:20:58]} Bc6 {[%clk 0:23:50]} 17.Qd4 {[%clk 0:21:22]}
Qf5 {[%clk 0:21:20]} 18.Qd3 {[%clk 0:20:22]} Qh5 {[%clk 0:20:36]}
19.Nd4 {[%clk 0:19:34]} Rd8 {[%clk 0:14:35]} 20.Re1 {[%clk 0:17:20]}
O-O {[%clk 0:09:40]} 21.Qf5 {[%clk 0:15:03]} Qh6 {[%clk 0:08:38]}
22.Be3 {[%clk 0:13:55]} Qg6 {[%clk 0:07:55]} 23.Qf2 {[%clk 0:08:45]}
Rxd4 {[%clk 0:01:24]} 24.Bxd4 {[%clk 0:08:30]} Bh4 {[%clk 0:01:53]}
25.Qe2 {[%clk 0:06:14]} Bd5 {[%clk 0:01:00]} 26.b3 {[%clk 0:05:58]}
Bxe1 {[%clk 0:01:07]} 27.Kxe1 {[%clk 0:06:18]} Rc8 {[%clk 0:01:31]}
28.Kd1 {[%clk 0:03:58]} Be4 {[%clk 0:00:57]} 29.c3 {[%clk 0:04:00]}
Bxg2 {[%clk 0:01:13]} 30.Rh2 {[%clk 0:01:46]} Bf3 {[%clk 0:00:53]}
31.Qxf3 {[%clk 0:02:00]} Qb1+ {[%clk 0:01:20]} 32.Kd2 {[%clk 0:01:53]}
Qxa2+ {[%clk 0:01:49]} 33.Kd3 {[%clk 0:01:50]} Qxh2 {[%clk 0:02:01]}
34.Qg4 {[%clk 0:01:09]} Re8 {[%clk 0:00:47]} 35.e6 {[%clk 0:00:46]}
f6 {[%clk 0:01:07]} 36.Bxf6 {[%clk 0:00:48]} Qd6+ {[%clk 0:00:58]}
37.Bd4 {[%clk 0:00:41]} g6 {[%clk 0:00:48]} 38.Qg5 {[%clk 0:00:34]}
Qxe6 {[%clk 0:01:03]} 39.Qg2 {[%clk 0:00:38]} Qf5+ {[%clk 0:01:13]}
40.Kd2 {[%clk 0:31:02]} Qf4+ {[%clk 0:31:16]} 41.Kd3 {[%clk 0:29:30]}
Qf5+ {[%clk 0:27:04]} 42.Kd2 {[%clk 0:29:46]} Qe4 {[%clk 0:27:01]}
43.Qf2 {[%clk 0:29:35]} Rf8 {[%clk 0:26:58]} 0-1

[Event "Russian Women's Higher League 2021"]
[Site "?"]
[Date "2021.07.03"]
[Round "7.13"]
[White "Faizutdinova, Diana"]
[Black "Dordzhieva, Dinara"]
[Result "0-1"]
[WhiteElo "2027"]
[BlackElo "2311"]
[Annotator ""]
[Source ""]
[Remark ""]

1.d4 {[%clk 1:30:57]} d5 {[%clk 1:30:56]} 2.Bf4 {[%clk 1:31:17]}
c5 {[%clk 1:30:49]} 3.e3 {[%clk 1:31:43]} Nc6 {[%clk 1:31:00]}
4.c3 {[%clk 1:31:51]} Nf6 {[%clk 1:29:54]} 5.Nf3 {[%clk 1:30:46]}
Qb6 {[%clk 1:29:33]} 6.Qb3 {[%clk 1:30:28]} c4 {[%clk 1:29:52]}
7.Qxb6 {[%clk 1:29:23]} axb6 {[%clk 1:30:19]} 8.h3 {[%clk 1:23:14]}
b5 {[%clk 1:27:06]} 9.Be2 {[%clk 1:17:53]} b4 {[%clk 1:25:22]}
10.O-O {[%clk 1:15:02]} e6 {[%clk 1:24:14]} 11.cxb4 {[%clk 1:00:19]}
Bxb4 {[%clk 1:24:06]} 12.a3 {[%clk 1:00:21]} O-O {[%clk 1:18:20]}
13.Nfd2 {[%clk 0:58:38]} Bd7 {[%clk 1:14:41]} 14.Nc3 {[%clk 0:57:31]}
Be7 {[%clk 1:15:03]} 15.a4 {[%clk 0:42:24]} Bb4 {[%clk 1:12:12]}
16.Rfc1 {[%clk 0:38:15]} Na5 {[%clk 1:11:12]} 17.Bd1 {[%clk 0:38:23]}
Rfc8 {[%clk 1:10:23]} 18.f3 {[%clk 0:35:30]} Be8 {[%clk 0:58:45]}
19.e4 {[%clk 0:29:08]} Nc6 {[%clk 0:56:38]} 20.Nb5 {[%clk 0:26:10]}
Na5 {[%clk 0:30:59]} 21.g4 {[%clk 0:13:03]} dxe4 {[%clk 0:22:05]}
22.Nxe4 {[%clk 0:07:35]} Nd5 {[%clk 0:22:30]} 23.Bd6 {[%clk 0:06:07]}
Rc6 {[%clk 0:20:38]} 24.Bxb4 {[%clk 0:02:40]} Nxb4 {[%clk 0:21:04]}
25.Rc3 {[%clk 0:01:26]} Rd8 {[%clk 0:20:58]} 26.Rb1 {[%clk 0:01:10]}
f5 {[%clk 0:17:55]} 27.Ng3 {[%clk 0:00:52]} f4 {[%clk 0:17:15]}
28.Ne2 {[%clk 0:01:17]} g5 {[%clk 0:17:41]} 29.h4 {[%clk 0:00:38]}
Bg6 {[%clk 0:17:52]} 30.Ra1 {[%clk 0:01:04]} h6 {[%clk 0:18:09]}
31.Raa3 {[%clk 0:01:07]} e5 {[%clk 0:17:39]} 32.Rc1 {[%clk 0:00:33]}
Nd3 {[%clk 0:16:29]} 33.Rc2 {[%clk 0:00:36]} Re6 {[%clk 0:12:17]}
34.Rd2 {[%clk 0:00:46]} exd4 {[%clk 0:09:50]} 35.Nbxd4 {[%clk 0:00:44]}
Re3 {[%clk 0:10:16]} 36.h5 {[%clk 0:00:51]} Bh7 {[%clk 0:10:30]}
37.Bc2 {[%clk 0:00:48]} Kg7 {[%clk 0:07:34]} 38.Rc3 {[%clk 0:00:47]}
Kf6 {[%clk 0:06:25]} 39.b3 {[%clk 0:00:38]} Ke5 {[%clk 0:04:06]}
40.b4 {[%clk 0:30:35]} Nxb4 {[%clk 0:30:56]} 41.Bxh7 {[%clk 0:26:34]}
Rxc3 {[%clk 0:30:34]} 42.Nxc3 {[%clk 0:26:20]} Rxd4 {[%clk 0:30:58]}
43.Re2+ {[%clk 0:25:30]} Kf6 {[%clk 0:31:21]} 44.Bf5 {[%clk 0:24:49]}
Kf7 {[%clk 0:21:57]} 45.Bg6+ {[%clk 0:18:34]} Kf6 {[%clk 0:21:45]}
46.Bf5 {[%clk 0:18:56]} Nd5 {[%clk 0:12:42]} 47.Re6+ {[%clk 0:14:55]}
Kf7 {[%clk 0:13:04]} 48.Nxd5 {[%clk 0:11:59]} Rxd5 {[%clk 0:13:31]}
49.Rxh6 {[%clk 0:11:57]} Rxf5 {[%clk 0:11:08]} 50.gxf5 {[%clk 0:07:28]}
c3 {[%clk 0:11:35]} 51.Rh7+ {[%clk 0:07:36]} Kf6 {[%clk 0:07:44]}
52.Rh6+ {[%clk 0:04:46]} Kg7 {[%clk 0:04:45]} 53.Re6 {[%clk 0:01:17]}
c2 {[%clk 0:04:48]} 54.f6+ {[%clk 0:00:51]} Kf7 {[%clk 0:04:45]}
55.Re1 {[%clk 0:01:17]} Nb3 {[%clk 0:04:58]} 56.h6 {[%clk 0:01:17]}
Kxf6 {[%clk 0:05:09]} 57.h7 {[%clk 0:01:16]} Kg7 {[%clk 0:05:37]}
58.Re7+ {[%clk 0:01:14]} Kh8 {[%clk 0:06:00]} 0-1

[Event "Russian Women's Higher League 2021"]
[Site "?"]
[Date "2021.07.03"]
[Round "7.14"]
[White "Dimitrova, Aleksandra"]
[Black "Tokmakova, Ulyana"]
[Result "1/2-1/2"]
[WhiteElo "2204"]
[BlackElo "1887"]
[Annotator ""]
[Source ""]
[Remark ""]

1.e4 {[%clk 1:30:57]} c5 {[%clk 1:30:52]} 2.Nf3 {[%clk 1:31:19]}
d6 {[%clk 1:31:19]} 3.d4 {[%clk 1:31:45]} cxd4 {[%clk 1:31:47]}
4.Nxd4 {[%clk 1:32:08]} Nf6 {[%clk 1:32:15]} 5.Nc3 {[%clk 1:32:30]}
a6 {[%clk 1:32:42]} 6.Bd3 {[%clk 1:32:53]} e5 {[%clk 1:33:06]}
7.Nde2 {[%clk 1:33:18]} Be6 {[%clk 1:33:32]} 8.f4 {[%clk 1:33:36]}
Be7 {[%clk 1:33:58]} 9.O-O {[%clk 1:33:57]} O-O {[%clk 1:28:10]}
10.f5 {[%clk 1:32:38]} Bd7 {[%clk 1:27:13]} 11.Nd5 {[%clk 1:29:17]}
Nxd5 {[%clk 1:23:29]} 12.exd5 {[%clk 1:29:43]} Bg5 {[%clk 1:22:48]}
13.Kh1 {[%clk 1:22:03]} Bxc1 {[%clk 1:17:05]} 14.Qxc1 {[%clk 1:22:19]}
f6 {[%clk 1:15:13]} 15.Qe3 {[%clk 1:16:04]} Be8 {[%clk 1:11:29]}
16.Ng3 {[%clk 1:13:01]} Nd7 {[%clk 1:05:27]} 17.b4 {[%clk 1:02:34]}
b5 {[%clk 1:00:33]} 18.a4 {[%clk 0:53:37]} Nb6 {[%clk 0:58:03]}
19.axb5 {[%clk 0:53:07]} axb5 {[%clk 0:57:16]} 20.Rxa8 {[%clk 0:52:58]}
Nxa8 {[%clk 0:57:44]} 21.Ne4 {[%clk 0:49:19]} Qc7 {[%clk 0:44:23]}
22.Qe2 {[%clk 0:36:26]} Qb6 {[%clk 0:40:02]} 23.Qf2 {[%clk 0:34:10]}
Qc7 {[%clk 0:39:12]} 24.Qe2 {[%clk 0:21:43]} Qb6 {[%clk 0:36:55]}
25.Qf2 {[%clk 0:22:06]} Qc7 26.Qe2 1/2-1/2

[Event "Russian Women's Higher League 2021"]
[Site "?"]
[Date "2021.07.03"]
[Round "7.15"]
[White "Loskutova, Viktoriya"]
[Black "Khokhlova, Daria"]
[Result "1/2-1/2"]
[WhiteElo "2188"]
[BlackElo "2148"]
[Annotator ""]
[Source ""]
[Remark ""]

1.Nf3 {[%clk 1:30:58]} c5 {[%clk 1:30:24]} 2.c4 {[%clk 1:31:19]}
Nc6 {[%clk 1:29:49]} 3.Nc3 {[%clk 1:31:03]} Nf6 {[%clk 1:29:11]}
4.g3 {[%clk 1:31:00]} d5 {[%clk 1:26:51]} 5.d4 {[%clk 1:31:19]}
cxd4 {[%clk 1:24:29]} 6.Nxd4 {[%clk 1:31:43]} e5 {[%clk 1:21:06]}
7.Nxc6 {[%clk 1:31:45]} bxc6 {[%clk 1:21:35]} 8.Bg2 {[%clk 1:31:45]}
Be6 {[%clk 1:19:42]} 9.cxd5 {[%clk 1:22:54]} cxd5 {[%clk 1:20:09]}
10.Bg5 {[%clk 1:11:35]} e4 {[%clk 1:07:19]} 11.Qa4+ {[%clk 1:05:54]}
Qd7 {[%clk 1:04:42]} 12.f3 {[%clk 0:40:40]} Qxa4 {[%clk 1:04:25]}
13.Nxa4 {[%clk 0:41:05]} exf3 {[%clk 0:51:59]} 14.exf3 {[%clk 0:39:53]}
Nd7 {[%clk 0:47:11]} 15.Be3 {[%clk 0:32:35]} Rc8 {[%clk 0:42:15]}
16.Nc3 {[%clk 0:25:01]} Bc5 {[%clk 0:30:59]} 17.Bxc5 {[%clk 0:22:04]}
Rxc5 {[%clk 0:29:09]} 18.O-O {[%clk 0:18:16]} Nb6 {[%clk 0:25:19]}
19.f4 {[%clk 0:13:05]} O-O {[%clk 0:19:29]} 20.Rf2 {[%clk 0:11:54]}
d4 {[%clk 0:18:31]} 21.Ne4 {[%clk 0:11:00]} Ra5 {[%clk 0:16:36]}
22.Rd1 {[%clk 0:05:58]} Rxa2 {[%clk 0:15:23]} 23.Rxd4 {[%clk 0:06:23]}
g6 {[%clk 0:12:26]} 24.Nc3 {[%clk 0:06:31]} Ra1+ {[%clk 0:12:33]}
25.Rf1 {[%clk 0:06:10]} Rxf1+ {[%clk 0:12:49]} 26.Bxf1 {[%clk 0:06:33]}
Rc8 {[%clk 0:12:16]} 27.Rb4 {[%clk 0:03:10]} Nd5 {[%clk 0:11:26]}
28.Ra4 {[%clk 0:02:43]} Nxc3 {[%clk 0:11:47]} 29.bxc3 {[%clk 0:03:10]}
Rxc3 {[%clk 0:10:53]} 30.Rxa7 {[%clk 0:03:33]} Rc1 {[%clk 0:10:07]}
31.Kf2 {[%clk 0:03:33]} Rc2+ {[%clk 0:10:33]} 32.Kg1 {[%clk 0:01:25]}
Kg7 {[%clk 0:10:48]} 33.Ra1 {[%clk 0:00:44]} Bd5 {[%clk 0:11:05]}
34.Rd1 {[%clk 0:00:57]} Bc6 {[%clk 0:11:23]} 35.Bh3 {[%clk 0:00:44]}
h5 {[%clk 0:11:19]} 36.Rf1 {[%clk 0:00:57]} Bb5 {[%clk 0:11:39]}
37.Rb1 {[%clk 0:01:19]} Bc6 {[%clk 0:12:02]} 38.Rf1 {[%clk 0:01:44]}
Bb5 {[%clk 0:12:19]} 39.Rb1 {[%clk 0:02:08]} Bc6 {[%clk 0:12:47]}
40.Rf1 {[%clk 0:32:34]} Bb5 {[%clk 0:43:15]} 41.Rb1 {[%clk 0:32:43]} 1/2-1/2

[Event "Russian Women's Higher League 2021"]
[Site "?"]
[Date "2021.07.03"]
[Round "7.16"]
[White "Kovanova, Baira"]
[Black "Karmanova, Olga Dm."]
[Result "1-0"]
[WhiteElo "2318"]
[BlackElo "2053"]
[Annotator ""]
[Source ""]
[Remark ""]

1.e4 {[%clk 1:30:30]} c5 {[%clk 1:30:30]} 2.Nf3 {[%clk 1:31:21]}
e6 {[%clk 1:31:21]} 3.d4 {[%clk 1:31:40]} cxd4 {[%clk 1:31:46]}
4.Nxd4 {[%clk 1:32:07]} Nf6 {[%clk 1:32:08]} 5.Nc3 {[%clk 1:32:33]}
d6 {[%clk 1:32:07]} 6.g3 {[%clk 1:32:26]} Be7 {[%clk 1:31:53]}
7.Bg2 {[%clk 1:32:51]} O-O {[%clk 1:31:50]} 8.O-O {[%clk 1:33:16]}
a6 {[%clk 1:31:05]} 9.a4 {[%clk 1:33:41]} Qc7 {[%clk 1:30:35]}
10.a5 {[%clk 1:29:02]} Nc6 {[%clk 1:24:19]} 11.Nxc6 {[%clk 1:26:14]}
bxc6 {[%clk 1:24:35]} 12.Bf4 {[%clk 1:26:14]} Rb8 {[%clk 1:07:22]}
13.b3 {[%clk 1:25:48]} c5 {[%clk 1:02:23]} 14.Qe2 {[%clk 1:24:06]}
Nd7 {[%clk 0:53:52]} 15.Rfd1 {[%clk 1:22:24]} Rd8 {[%clk 0:49:10]}
16.Na4 {[%clk 1:18:11]} Bb7 {[%clk 0:44:38]} 17.Nb2 {[%clk 1:13:51]}
Bc6 {[%clk 0:41:31]} 18.Qe1 {[%clk 1:05:48]} Bb5 {[%clk 0:33:37]}
19.Bf1 {[%clk 1:03:49]} e5 {[%clk 0:28:15]} 20.Bc1 {[%clk 0:58:27]}
Nf8 {[%clk 0:28:21]} 21.Nc4 {[%clk 0:58:10]} Ne6 {[%clk 0:25:56]}
22.c3 {[%clk 0:57:51]} Qb7 {[%clk 0:21:53]} 23.Nb6 {[%clk 0:45:48]}
Bxf1 {[%clk 0:22:11]} 24.Kxf1 {[%clk 0:45:36]} Nc7 {[%clk 0:21:33]}
25.c4 {[%clk 0:36:31]} f5 {[%clk 0:19:15]} 26.f3 {[%clk 0:35:56]}
Bf6 {[%clk 0:12:47]} 27.Kg2 {[%clk 0:33:59]} Ne6 {[%clk 0:12:41]}
28.Bb2 {[%clk 0:30:08]} Nd4 {[%clk 0:06:37]} 29.Bxd4 {[%clk 0:29:08]}
exd4 {[%clk 0:07:04]} 30.Rd3 {[%clk 0:29:05]} fxe4 {[%clk 0:06:02]}
31.fxe4 {[%clk 0:29:25]} Re8 {[%clk 0:05:56]} 32.Nd5 {[%clk 0:29:48]}
Bg5 {[%clk 0:06:08]} 33.Qe2 {[%clk 0:29:55]} Re5 {[%clk 0:05:11]}
34.h4 Be3 {[%clk 0:04:28]} 35.Qg4 {[%clk 0:24:57]} Kh8 {[%clk 0:04:14]}
36.Rf1 {[%clk 0:24:42]} Bh6 {[%clk 0:03:21]} 37.Rdf3 {[%clk 0:24:26]}
g6 {[%clk 0:02:21]} 38.Rf7 {[%clk 0:23:06]} Qxb3 {[%clk 0:02:07]}
39.Qd7 {[%clk 0:23:03]} Qc2+ {[%clk 0:01:28]} 40.Kh3 {[%clk 0:53:04]}
Bg7 {[%clk 0:30:52]} 41.Rxg7 {[%clk 0:52:48]} Rh5 {[%clk 0:28:05]}
42.Rgf7 {[%clk 0:52:41]} 1-0

[Event "Russian Women's Higher League 2021"]
[Site "?"]
[Date "2021.07.03"]
[Round "7.17"]
[White "Tochilkina, Ekaterina"]
[Black "Nur-Mukhametova, Alisa"]
[Result "0-1"]
[WhiteElo "1877"]
[BlackElo "2233"]
[Annotator ""]
[Source ""]
[Remark ""]

1.e4 {[%clk 1:30:57]} e6 {[%clk 1:30:41]} 2.d4 {[%clk 1:31:21]}
d5 {[%clk 1:31:06]} 3.Nd2 {[%clk 1:31:10]} Nf6 {[%clk 1:25:07]}
4.e5 {[%clk 1:30:51]} Ne4 {[%clk 1:25:09]} 5.Ngf3 {[%clk 1:25:39]}
c5 {[%clk 1:23:34]} 6.c3 {[%clk 1:19:14]} Nc6 {[%clk 1:23:47]}
7.Bd3 {[%clk 1:14:58]} cxd4 {[%clk 1:19:21]} 8.cxd4 {[%clk 1:14:52]}
f5 {[%clk 1:19:19]} 9.exf6 {[%clk 1:14:35]} Nxf6 {[%clk 1:19:39]}
10.O-O {[%clk 1:13:05]} Bd6 {[%clk 1:19:31]} 11.Re1 {[%clk 1:09:24]}
O-O {[%clk 1:19:17]} 12.Nf1 {[%clk 1:07:52]} Bd7 {[%clk 1:11:52]}
13.Bg5 {[%clk 1:05:42]} Qb6 {[%clk 1:06:16]} 14.Re2 {[%clk 1:00:31]}
h6 {[%clk 1:04:20]} 15.Be3 {[%clk 0:46:53]} Ng4 {[%clk 0:55:22]}
16.Bb1 {[%clk 0:36:04]} Nxe3 {[%clk 0:48:27]} 17.fxe3 {[%clk 0:30:32]}
Ne7 {[%clk 0:46:59]} 18.Qd3 {[%clk 0:27:08]} Nf5 {[%clk 0:46:31]}
19.Rf2 {[%clk 0:26:52]} Bb5 {[%clk 0:45:03]} 20.Qd2 {[%clk 0:26:36]}
Qd8 {[%clk 0:30:04]} 21.Bc2 {[%clk 0:21:04]} Rc8 {[%clk 0:27:44]}
22.Rd1 {[%clk 0:20:32]} Qe7 {[%clk 0:27:32]} 23.a3 {[%clk 0:20:10]}
Rxc2 {[%clk 0:25:23]} 24.Qxc2 {[%clk 0:17:08]} Bxf1 {[%clk 0:21:11]}
25.Rdxf1 {[%clk 0:16:39]} Nxe3 {[%clk 0:21:04]} 26.Qe2 {[%clk 0:16:33]}
Nxf1 {[%clk 0:21:28]} 27.Rxf1 {[%clk 0:16:51]} Rf4 {[%clk 0:17:22]}
28.Rc1 {[%clk 0:14:23]} Bc7 {[%clk 0:16:19]} 29.Qd3 {[%clk 0:11:00]}
Bb6 {[%clk 0:11:37]} 30.Kh1 {[%clk 0:07:52]} Rf8 {[%clk 0:10:43]}
31.Re1 {[%clk 0:05:07]} Qf6 {[%clk 0:09:53]} 32.h3 {[%clk 0:04:07]}
Rc8 {[%clk 0:07:10]} 33.Qe3 {[%clk 0:02:38]} Rc6 {[%clk 0:05:54]}
34.Ne5 {[%clk 0:02:39]} Rc2 {[%clk 0:04:27]} 35.b4 {[%clk 0:00:45]}
Qf2 {[%clk 0:03:40]} 36.Qxf2 {[%clk 0:00:38]} Rxf2 {[%clk 0:04:08]}
37.Nf3 {[%clk 0:00:36]} Kf7 {[%clk 0:04:04]} 38.Kh2 {[%clk 0:00:34]}
Rc2 {[%clk 0:04:02]} 39.Re3 {[%clk 0:00:43]} Rc1 {[%clk 0:03:59]}
40.Rd3 {[%clk 0:30:35]} Bc7+ {[%clk 0:33:26]} 41.g3 {[%clk 0:26:39]}
Rc2+ {[%clk 0:33:16]} 42.Nd2 {[%clk 0:26:15]} e5 {[%clk 0:32:52]}
43.dxe5 {[%clk 0:26:10]} Bxe5 {[%clk 0:33:10]} 44.Kg1 {[%clk 0:25:19]}
Ke6 {[%clk 0:32:54]} 45.Nb3 {[%clk 0:22:54]} b6 {[%clk 0:32:49]}
46.Kf1 {[%clk 0:22:16]} h5 {[%clk 0:32:03]} 47.Re3 {[%clk 0:18:38]}
Kd6 {[%clk 0:32:03]} 48.Rd3 {[%clk 0:18:56]} Ra2 {[%clk 0:31:26]}
49.Nd2 {[%clk 0:19:08]} Kc6 {[%clk 0:31:12]} 50.Ke2 {[%clk 0:17:46]}
Bb2 {[%clk 0:30:32]} 51.Rb3 {[%clk 0:17:03]} Bxa3 {[%clk 0:30:02]}
52.Kd3 {[%clk 0:17:24]} Kb5 {[%clk 0:30:09]} 53.Nb1 {[%clk 0:15:17]}
Ka4 {[%clk 0:30:19]} 54.Kc3 {[%clk 0:15:23]} d4+ {[%clk 0:30:35]}
55.Kxd4 0-1

[Event "Russian Women's Higher League 2021"]
[Site "?"]
[Date "2021.07.03"]
[Round "7.18"]
[White "Murashova, Ekaterina"]
[Black "Kostornichenko, Yana"]
[Result "1-0"]
[WhiteElo "2214"]
[BlackElo "1773"]
[Annotator ""]
[Source ""]
[Remark ""]

1.e4 {[%clk 1:30:57]} c5 {[%clk 1:30:51]} 2.Nf3 {[%clk 1:31:22]}
e6 {[%clk 1:31:12]} 3.g3 {[%clk 1:31:48]} a6 {[%clk 1:28:42]}
4.Bg2 {[%clk 1:30:48]} Qc7 {[%clk 1:27:05]} 5.O-O {[%clk 1:30:36]}
d6 {[%clk 1:26:03]} 6.d4 {[%clk 1:30:28]} cxd4 {[%clk 1:26:06]}
7.Nxd4 {[%clk 1:30:56]} Nf6 {[%clk 1:26:10]} 8.Nc3 {[%clk 1:29:07]}
Be7 {[%clk 1:22:46]} 9.Re1 {[%clk 1:15:35]} O-O {[%clk 1:22:15]}
10.a4 {[%clk 1:05:12]} Nc6 {[%clk 1:20:03]} 11.Nxc6 {[%clk 0:58:50]}
bxc6 {[%clk 1:20:25]} 12.a5 {[%clk 0:57:27]} e5 {[%clk 1:12:50]}
13.Be3 {[%clk 0:53:12]} Bb7 {[%clk 1:01:13]} 14.Qe2 {[%clk 0:48:41]}
Rfe8 {[%clk 0:55:11]} 15.Qc4 {[%clk 0:41:43]} Qc8 {[%clk 0:47:07]}
16.Rad1 {[%clk 0:31:41]} c5 {[%clk 0:37:34]} 17.Bg5 {[%clk 0:23:01]}
Qc7 {[%clk 0:34:31]} 18.Qa2 {[%clk 0:17:12]} h6 {[%clk 0:33:09]}
19.Bxf6 {[%clk 0:16:51]} Bxf6 {[%clk 0:33:30]} 20.Nd5 {[%clk 0:16:39]}
Bxd5 {[%clk 0:33:31]} 21.Rxd5 {[%clk 0:17:06]} Rab8 {[%clk 0:33:25]}
22.Bf1 {[%clk 0:16:59]} Be7 {[%clk 0:29:26]} 23.Bc4 {[%clk 0:16:20]}
Rf8 {[%clk 0:25:57]} 24.Rd3 {[%clk 0:15:25]} Rb4 {[%clk 0:19:01]}
25.c3 {[%clk 0:12:04]} Rbb8 {[%clk 0:18:26]} 26.Rb1 {[%clk 0:10:34]}
Bd8 {[%clk 0:17:04]} 27.b4 {[%clk 0:10:19]} cxb4 {[%clk 0:13:28]}
28.cxb4 {[%clk 0:10:46]} Qc6 {[%clk 0:12:54]} 29.Bd5 {[%clk 0:10:54]}
Qb5 {[%clk 0:11:50]} 30.Rf3 {[%clk 0:10:06]} Bf6 {[%clk 0:11:35]}
31.Rc3 {[%clk 0:08:58]} Rbc8 {[%clk 0:07:31]} 32.Bxf7+ {[%clk 0:07:56]}
Kh8 {[%clk 0:07:55]} 33.Rxc8 {[%clk 0:08:04]} Rxc8 {[%clk 0:08:19]}
34.Qe6 {[%clk 0:06:25]} Rd8 {[%clk 0:07:57]} 35.Qf5 {[%clk 0:04:01]}
Qc6 {[%clk 0:06:19]} 36.Bd5 {[%clk 0:01:58]} Qc2 {[%clk 0:06:34]}
37.Rb3 {[%clk 0:02:05]} Rc8 {[%clk 0:04:58]} 38.Qe6 {[%clk 0:01:48]}
Rd8 {[%clk 0:03:28]} 39.Rf3 {[%clk 0:01:56]} Qc1+ {[%clk 0:03:50]}
40.Kg2 {[%clk 0:32:21]} Qg5 {[%clk 0:34:12]} 41.Rc3 {[%clk 0:30:10]}
Be7 {[%clk 0:31:12]} 42.Rc7 {[%clk 0:23:02]} Bf6 {[%clk 0:30:56]}
43.h4 {[%clk 0:23:22]} Qg6 {[%clk 0:30:58]} 44.Rc8 {[%clk 0:23:39]}
Qh7 {[%clk 0:30:34]} 45.Rxd8+ {[%clk 0:23:56]} Bxd8 {[%clk 0:30:54]}
46.Qe8+ {[%clk 0:24:23]} 1-0